000 00629nam a2200241Ia 4500
003 OSt
005 20220926030314.0
006 a|||||r|||| 00| 0
007 ta
008 220923b |||||||| |||| 00| 0 eng d
037 _cGeneral Book
040 _aRTL
_cRTL
_beng
041 _2eng
_aeng
082 _aX:8H, L9
100 _aMagee C C
_9281224
245 0 _aFramework of accountancy
250 _a2ed
260 _aPlymouth
_bMacdonald& Evns
_c1979
300 _ax, 323p. Bib p297-8
_ccm.
650 _aAccounting
_9151506
942 _hX:8H, L9
_cGB
_2CC
999 _c649271
_d649271